La oligarquía universitaria /
Guardado en:
| Autor Principal: | |
|---|---|
| Formato: | Libro |
| Idioma: | Undetermined |
| Publicado: |
Buenos Aires :
Librería Mendensky - Augusto Sabourin e hijo,
1920.
|
| Materias: | |
| Etiquetas: |
Agregar Etiqueta
Sin Etiquetas, Sea el primero en etiquetar este registro!
|
| LEADER | 00505nam a22001575a 4500 | ||
|---|---|---|---|
| 001 | EHU.bham046321 | ||
| 005 | 20110503102945.0 | ||
| 008 | 110503s1920####ag############000#0#und#d | ||
| 100 | 1 | |a Bianco, José. | |
| 245 | 0 | 0 | |a La oligarquía universitaria / |c José Bianco. |
| 260 | |a Buenos Aires : |b Librería Mendensky - Augusto Sabourin e hijo, |c 1920. | ||
| 300 | |a 111 p. | ||
| 653 | |a Oligarquía. | ||
| 653 | |a Reforma. | ||
| 653 | |a Universidad. | ||
| 859 | |a AR-BHAM |b BIB. HUMANIDADES - Donacion Lejarraga |h MFN000540 |p 000540.19 | ||
